[Event "Pamplona9495"]
[Site "Pamplona"]
[Date "1994.??.??"]
[Round "?"]
[White "Kortschnoj, Viktor"]
[Black "Yudasin, Leonid"]
[Result "1/2-1/2"]
[WhiteElo "2635"]
[BlackElo "2615"]

1.d4 Nf6 2.c4 e6 3.g3 d5 4.Bg2 Bb4+ 5.Bd2 Be7 6.Nf3 O-O 7.O-O Nbd7 8.Qc2 c6
9.b3 b6 10.Rd1 Bb7 11.Nc3 Rc8 12.e4 c5 13.exd5 exd5 14.Bf4 Re8 15.dxc5 dxc4
16.b4 bxc5 17.b5 Qa5 18.a4 h6 19.Rab1 g5 20.Nxg5 Bxg2 21.Nxf7 Kxf7 22.Kxg2 Nf8
23.Nd5 Nxd5 24.Rxd5 Qb6 25.Qxc4 Kg7 26.Rb3 Ng6 27.Rd7 Rcd8 28.a5 Qf6 29.Rxa7 Rd4
30.Qc1 Nxf4+ 31.gxf4 Rxf4 32.Qb2 c4 33.Rg3+ Kf7 34.Qc2 Qf5 35.Qxf5+ Rxf5
36.b6 Kf6 37.a6 Bc5 38.Rh7 Rxf2+ 39.Kh3 Bxb6 40.Rxh6+ Kf5 41.Rh5+ Ke4 42.Rh4+ Kf5
43.Rh5+ Ke4 44.Rh4+ Rf4 45.Rxf4+ Kxf4 46.Rg4+ Kf3 47.Rxc4 Bf2 48.Rc3+ Be3
49.Rc4 Re6 50.Ra4 Rh6+ 51.Rh4 Rxa6 52.Ra4 Rd6 53.Rb4 Rd2 54.Rb3 Ra2 55.Rc3 Ra8
56.Rc4 Bd2 57.Ra4 Rf8 58.Rh4 Rb8 59.Rc4 Rb3 60.Ra4 Bf4 61.Ra2 Rc3 62.Rb2 Ra3
63.Rc2 Rd3 64.Rb2 Be5 65.Ra2 Bd6 66.Rb2 Ra3 67.Rb1 Ra2 68.Rf1+ Ke4 69.Kg4 Rg2+
70.Kh5 Bxh2 71.Rf6 Bf4 72.Rg6 Ra2 73.Rg4 Kf5 74.Rg5+ Ke4 75.Rg6  1/2-1/2

[Event "Pamplona9495"]
[Site "Pamplona"]
[Date "1994.??.??"]
[Round "?"]
[White "Rivas Pastor, Manuel"]
[Black "Yudasin, Leonid"]
[Result "1/2-1/2"]
[WhiteElo "2520"]
[BlackElo "2615"]

1.c4 c5 2.Nc3 Nc6 3.g3 g6 4.Bg2 Bg7 5.a3 e6 6.Nh3 Nge7 7.Nf4 a5 8.O-O O-O
9.d3 b6 10.Bd2 Rb8 11.Rb1 d6 12.Nb5 Ba6 13.Qa4 d5 14.Nc3 Nd4 15.cxd5 e5 16.Nh3 Bc8
17.Qd1 Nxd5 18.Nxd5 Bxh3 19.Bxh3 Qxd5 20.Bg2 Qe6 21.b4 cxb4 22.e3 Nc6 23.axb4 Nxb4
24.Bxb4 axb4 25.Rxb4 Rfd8 26.Qb3 Qxb3  1/2-1/2

[Event "World op"]
[Site "Philadelphia"]
[Date "1994.??.??"]
[Round "?"]
[White "Yudasin, Leonid"]
[Black "Van Wely, Loek"]
[Result "1/2-1/2"]
[WhiteElo "2625"]
[BlackElo "2570"]

1.e4 c5 2.Nf3 d6 3.d4 cxd4 4.Nxd4 Nf6 5.Nc3 a6 6.a4 e6 7.Be2 Nc6 8.O-O Be7
9.Be3 O-O 10.Kh1 Qc7 11.Qd2 Bd7 12.f4 Rfe8 13.Bd3 Ng4 14.Bg1 Nxd4 15.Bxd4 Bf6
16.Bxf6 Nxf6 17.Rae1 e5 18.fxe5 Rxe5 19.Rxf6 gxf6 20.Nd5 Qd8 21.Qh6 Bf5 22.Nxf6+ Kh8
23.Rf1 Bg6 24.h4 Re6 25.Qg5 Kg7 26.Nh5+ Kh8 27.Nf6 Kg7  1/2-1/2

[Event "World op"]
[Site "Philadelphia"]
[Date "1994.??.??"]
[Round "?"]
[White "De Firmian, Nick E"]
[Black "Yudasin, Leonid"]
[Result "1/2-1/2"]
[WhiteElo "2580"]
[BlackElo "2625"]

1.e4 c6 2.d4 d5 3.Nc3 dxe4 4.Nxe4 Nd7 5.Nf3 Ngf6 6.Nxf6+ Nxf6 7.Bc4 Bf5 8.O-O e6
9.h3 Be7 10.Re1 O-O 11.c3 a5 12.a4 h6 13.Bf4 Nd5 14.Bg3 Bd6 15.Ne5 Qc7  1/2-1/2

[Event "ISR-ch"]
[Site "Tel Aviv"]
[Date "1994.??.??"]
[Round "1"]
[White "Bruk, Ofer"]
[Black "Yudasin, Leonid"]
[Result "1/2-1/2"]
[WhiteElo "2435"]
[BlackElo "2625"]

1.Nf3 Nf6 2.c4 b6 3.g3 Bb7 4.Bg2 g6 5.b3 Bg7 6.Bb2 O-O 7.O-O e6 8.d4 Na6
9.e3 d5 10.Qe2 c5 11.Rd1 Qe7 12.Nc3 Rfd8 13.Rac1 dxc4 14.Qxc4 Rac8 15.Qe2 Nb4
16.a4 cxd4 17.Nxd4 Bxg2 18.Kxg2 e5 19.Nc2 Nc6 20.Qb5 Qb7 21.Kg1 h5 22.h4 a6
23.Rxd8+ Nxd8 24.Qe2 Ne6 25.Rd1 g5 26.Nb4 gxh4 27.gxh4 Nc5 28.Nbd5 Rc6 29.Qf3 Nxd5
30.Rxd5 Qc8 31.Ne2 Rg6+ 32.Ng3 e4 33.Qe2 Bxb2 34.Qxb2 Nd3 35.Qd4 Rxg3+ 36.fxg3 Qc1+
37.Kg2 Qc2+ 38.Kh3 Nf2+ 39.Kg2 Nd3+ 40.Kh3 Nf2+ 41.Kg2  1/2-1/2

[Event "ISR-ch"]
[Site "Tel Aviv"]
[Date "1994.??.??"]
[Round "2"]
[White "Yudasin, Leonid"]
[Black "Rotman, Daniel"]
[Result "1-0"]
[WhiteElo "2625"]
[BlackElo "2240"]

1.e4 c5 2.Nf3 d6 3.d4 cxd4 4.Nxd4 Nf6 5.Nc3 Nc6 6.Bg5 e6 7.Qd2 Be7 8.O-O-O O-O
9.Nb3 d5 10.Bxf6 Bxf6 11.exd5 Nb4 12.d6 Bxc3 13.bxc3 Nd5 14.c4 Nf6 15.g4 Bd7
16.Bg2 Rc8 17.g5 Ne8 18.c5 b6 19.Bb7 Rxc5 20.Nxc5 bxc5 21.Rhg1 Qb6 22.Bh1 g6
23.Rg3 Ng7 24.Rb3 Qa6 25.Qc3  1-0

[Event "ISR-ch"]
[Site "Tel Aviv"]
[Date "1994.??.??"]
[Round "4"]
[White "Yudasin, Leonid"]
[Black "Psakhis, Lev"]
[Result "1/2-1/2"]
[WhiteElo "2625"]
[BlackElo "2605"]

1.d4 d5 2.c4 dxc4 3.e4 c5 4.d5 e6 5.Nc3 exd5 6.Qxd5 Qxd5 7.Nxd5 Bd6 8.Bxc4 Ne7
9.Be3 Nxd5 10.Bxd5 Nd7 11.O-O-O Be7 12.f3 Nb6 13.Bb3 Be6  1/2-1/2

[Event "ISR-ch"]
[Site "Tel Aviv"]
[Date "1994.??.??"]
[Round "5"]
[White "Mikhalevski, Victor"]
[Black "Yudasin, Leonid"]
[Result "0-1"]
[WhiteElo "2530"]
[BlackElo "2625"]

1.d4 Nf6 2.c4 e6 3.Nf3 b6 4.Nc3 Bb7 5.Bg5 h6 6.Bh4 Be7 7.e3 Ne4 8.Bg3 Bb4
9.Qc2 Bxc3+ 10.bxc3 d6 11.Bd3 f5 12.h4 Nd7 13.Bh2 Qe7 14.O-O-O O-O-O 15.Rdf1 g5
16.hxg5 hxg5 17.Ne1 Kb8 18.f3 Nef6 19.Bg3 Rde8 20.Bf2 f4 21.Rxh8 Rxh8 22.g4 e5
23.e4 exd4 24.cxd4 c5 25.d5 Ne5 26.Rg1 Rh2 27.Bf1 Ba6 28.a3 Kb7 29.Bd3 Nfd7
30.Rf1 Ng6 31.Be2 Nde5 32.Bg1 Rxe2 33.Qxe2 Bxc4 34.Qg2 Nh4 35.Qh3 Bxf1 36.Qxf1 Qd7
37.Bf2 Nhxf3 38.Nxf3 Nxf3 39.Bxc5 Qc7 40.Qxf3 Qxc5+ 41.Kb1 Qg1+ 42.Kb2 Qh2+
43.Kb1 Qg3 44.Qe2 Qb3+  0-1

[Event "ISR-ch"]
[Site "Tel Aviv"]
[Date "1994.??.??"]
[Round "7"]
[White "Soffer, Ram"]
[Black "Yudasin, Leonid"]
[Result "1/2-1/2"]
[WhiteElo "2515"]
[BlackElo "2625"]

1.d4 Nf6 2.Bg5 e6 3.e4 c5 4.e5 h6 5.Bc1 Nd5 6.c4 Nb6 7.dxc5 Bxc5 8.Nf3 d5
9.exd6 Qxd6 10.Qxd6 Bxd6 11.Nc3 Nc6 12.Bd2 Nd7 13.O-O-O Ke7 14.Nb5  1/2-1/2

[Event "ISR-ch"]
[Site "Tel Aviv"]
[Date "1994.??.??"]
[Round "10"]
[White "Yudasin, Leonid"]
[Black "Manor, Ilan"]
[Result "1-0"]
[WhiteElo "2625"]
[BlackElo "2485"]

1.e4 c5 2.Nf3 e6 3.b3 b6 4.Bd3 Bb7 5.O-O Nc6 6.Re1 Nge7 7.Bb2 Ng6 8.Bf1 f6
9.c3 Be7 10.d4 d5 11.exd5 exd5 12.c4 Nxd4 13.Bxd4 cxd4 14.Nxd4 dxc4 15.Bxc4 a6
16.Qg4 b5 17.Be6 Qa5 18.Bd7+ Kf8 19.Rc1 Bd5 20.Nc3 Ne5 21.Qg3 Bf7 22.Be6 Ba3
23.Rc2 Re8 24.Bxf7 Kxf7 25.Nd5 Rc8 26.Qh3 Rce8 27.Rc7+ Kg8 28.b4  1-0

[Event "ISR-ch"]
[Site "Tel Aviv"]
[Date "1994.??.??"]
[Round "11"]
[White "Sutovskij, Emil"]
[Black "Yudasin, Leonid"]
[Result "0-1"]
[WhiteElo "2480"]
[BlackElo "2625"]

1.e4 e6 2.d4 d5 3.Nd2 c5 4.Ngf3 Nf6 5.e5 Nfd7 6.c3 Nc6 7.Bd3 Qb6 8.O-O g6
9.dxc5 Qc7 10.Nb3 Bg7 11.Nfd4 Qxe5 12.f4 Qf6 13.f5 gxf5 14.Bxf5 Nxd4 15.Nxd4 exf5
16.Nxf5 Nxc5 17.Qxd5 Bxf5 18.Qxc5 Qe5 19.Qxe5+ Bxe5 20.Rxf5 f6 21.Bf4 Bxf4
22.Rxf4 O-O 23.Rd1 Rf7 24.Rfd4 Re8 25.Rd8 Rxd8 26.Rxd8+ Kg7 27.Kf2 Re7 28.Kf3 Kg6
29.g4 h5 30.gxh5+ Kxh5 31.c4 Kg5 32.Rd2 f5 33.Rd4 Rh7 34.Rd2 Rh3+ 35.Kg2 Re3
36.Kf2 Rh3 37.Kg2 Re3 38.c5 a5 39.Kf2 Rh3 40.Kg1 Re3 41.Rd7 Re1+ 42.Kf2 Rc1
43.Kg3 Rg1+ 44.Kf3 Rf1+ 45.Ke3 Re1+ 46.Kd2 Re5 47.Rxb7 Rd5+ 48.Kc3 Rxc5+
49.Kd3 Kg4 50.a4 Rd5+ 51.Kc4 Rd2 52.Kc3 Rd8 53.Rb5 Ra8 54.h3+ Kf4 55.Kd4 Ra6
56.Kc4 Ke4 57.Rb8 Re6 58.Kb5 Re5+ 59.Kc6 f4 60.b4 f3 61.bxa5 f2 62.Rb1 Rxa5
63.Ra1 Kf3 64.h4 Rxa4 65.Rxa4 f1=Q 66.h5 Qc1+ 67.Kb6 Qb2+ 68.Kc6 Qc2+ 69.Kb5 Qf5+
70.Kb6 Qxh5 71.Rc4 Qd5 72.Rc5 Qd7 73.Rc6 Ke4  0-1

[Event "Tilburg rapid20"]
[Site "Tilburg"]
[Date "1994.??.??"]
[Round "1"]
[White "Rogers, Ian"]
[Black "Yudasin, Leonid"]
[Result "0-1"]
[WhiteElo "2560"]
[BlackElo "2625"]

1.d4 Nf6 2.c4 e6 3.Nc3 Bb4 4.Qc2 d5 5.Nf3 dxc4 6.e4 c5 7.dxc5 Qa5 8.Bd2 Qxc5
9.e5 Bxc3 10.Bxc3 Nd5 11.Be2 Nc6 12.O-O b5 13.Rad1 h6 14.Rfe1 Bb7 15.Bf1 O-O
16.a3 Nxc3 17.Qxc3 Rad8 18.a4 a6 19.axb5 axb5 20.b3 Qa3 21.Ra1 Qxb3 22.Qxb3 cxb3
23.Reb1 Ra8 24.Rxa8 Rxa8 25.h3 Na5 26.Nd4 Be4 27.Rb2 Nc4 28.Rxb3 Ra1 29.f3 Nd2
30.Rb2 Rxf1+ 31.Kh2 Rd1 32.Nxb5 Nc4 33.Rb4 Bd3 34.Nd6 Nxd6 35.exd6 Bg6 36.Rb8+ Kh7
37.Rd8 e5 38.g4 Rd3 39.d7 f5 40.gxf5 Bxf5 41.Re8 Bxd7 42.Rxe5 Rxf3  0-1

[Event "Tilburg blitz"]
[Site "Tilburg"]
[Date "1994.??.??"]
[Round "3"]
[White "Glek, Igor V"]
[Black "Yudasin, Leonid"]
[Result "1/2-1/2"]
[WhiteElo "2615"]
[BlackElo "2625"]

1.d4 Nf6 2.c4 e6 3.Nc3 Bb4 4.Qc2 O-O 5.Nf3 d6 6.Bg5 Nbd7 7.e3 h6 8.Bh4 c5
9.Be2 cxd4 10.Nxd4 a6 11.O-O Qc7 12.a3 Bxc3 13.Qxc3 b6 14.Rfd1 Bb7 15.Rac1 Rac8
16.f3 Qb8 17.Qd2 Rfd8 18.b4 g5 19.Bg3 Ne5 20.Qb2 Nh5 21.Bxe5 dxe5 22.Nb3 Ng7
23.e4 a5 24.Rxd8+ Rxd8 25.Rd1 Rxd1+ 26.Bxd1 g4 27.bxa5 bxa5 28.Nxa5 Qa7+
29.Kf1 Qxa5 30.Qxb7 Qxa3 31.fxg4 Qc1 32.Qb3 Ne8 33.Qd3 Nf6 34.h3 Nxe4 35.Qxe4 Qxd1+
36.Kf2 Qd4+ 37.Qxd4 exd4 38.c5 Kf8 39.g5 h5 40.h4 e5 41.c6 Ke7 42.c7 Kd7
43.g4 hxg4 44.h5 d3 45.g6 fxg6 46.hxg6 g3+ 47.Kxg3 d2 48.g7 d1=Q 49.c8=Q+ Kxc8
50.g8=Q+ Kd7 51.Qg4+  1/2-1/2

[Event "Tilburg rapid20"]
[Site "Tilburg"]
[Date "1994.??.??"]
[Round "3"]
[White "Yudasin, Leonid"]
[Black "Glek, Igor V"]
[Result "1-0"]
[WhiteElo "2625"]
[BlackElo "2615"]

1.e4 e6 2.d4 d5 3.e5 c5 4.c3 Nc6 5.Nf3 Nh6 6.Bxh6 gxh6 7.Be2 f6 8.O-O cxd4
9.cxd4 Bg7 10.exf6 Bxf6 11.Nc3 O-O 12.Bb5 Ne7 13.Re1 Bg7 14.Rc1 a6 15.Bd3 Nc6
16.Bb1 Qf6 17.Qd3 Qg6 18.Qe3 Qh5 19.Ne2 e5 20.dxe5 Nxe5 21.Nxe5 Qxe5 22.Qb3 Qxb2
23.Qd3 Rf7 24.Qxh7+ Kf8 25.Bg6 Re7 26.Ng3 Be6 27.Bf5 Bg8 28.Qg6 Rae8 29.Rf1 Bf7
30.Qg4 h5 31.Nxh5 Bxh5 32.Qxh5 Qxc1 33.Qxe8+ Rxe8 34.Rxc1 Re2 35.Kf1 Rxa2
36.Rc8+ Ke7 37.Rc7+ Kf6 38.Rxb7 Kxf5 39.Rxg7 d4 40.h4 d3 41.g4+ Ke4 42.Kg2 Ra5
43.Rd7 Rd5 44.f3+ Kd4 45.Rxd5+ Kxd5 46.Kf2 a5 47.Ke3 Kc4 48.Kd2 a4 49.g5 a3
50.g6 a2 51.g7 a1=Q 52.g8=Q+ Kb4 53.Qf8+ Kc4 54.Qf7+ Kb4 55.Qe7+ Kc4 56.Qe4+ Kc5
57.Qxd3 Qh1 58.Qe4 Kd6 59.Ke2 Kd7 60.Kf2 Qh2+ 61.Ke3 Qh1 62.Qg4+ Ke7 63.Qg5+ Kf7
64.Kf4 Qh2+ 65.Kf5 Qc2+ 66.Kf4 Qh2+ 67.Ke3 Qh1 68.Qf5+ Kg7 69.Qg4+ Kh6 70.Qf4+ Kh7
71.Qf5+ Kg7 72.Qe5+ Kh7 73.Qe4+ Kh6 74.Kd4 Qa1+ 75.Kd5 Qa8+ 76.Ke5 Qb8+ 77.Kf5 Qf8+
78.Kg4 Qg7+ 79.Kh3 Qd7+ 80.Qg4 Qd1 81.Qg5+ Kh7 82.Qf5+ Kh6 83.Qe6+ Kh5 84.Qe5+ Kh6
85.Qe3+ Kh7 86.f4 Qd7+ 87.Kg3 Qg7+ 88.Kf3 Qa1 89.Qe7+ Kh6 90.Qe6+ Kh7 91.Qe7+ Kh6
92.Qg5+ Kh7 93.Qh5+ Kg8 94.Qd5+ Kh7 95.Qd7+ Kh6 96.Qe6+ Kh7 97.Qf5+ Kh6 98.Qg5+ Kh7
99.Qh5+ Kg8 100.Qe5 Qd1+ 101.Kf2 Qd2+ 102.Kg3 Qd3+ 103.Kg4 Qd7+ 104.Kg5 Qd2
105.Qe6+ Kh7 106.Qe4+ Kg7 107.Qe5+ Kh7 108.Kf6  1-0

[Event "Haifa"]
[Site "Haifa"]
[Date "1995.??.??"]
[Round "1"]
[White "Dolmatov, Sergey"]
[Black "Yudasin, Leonid"]
[Result "1/2-1/2"]
[WhiteElo "2605"]
[BlackElo "2615"]

1.e4 c5 2.c3 Nf6 3.e5 Nd5 4.Nf3 Nc6 5.Bc4 Nb6 6.Bb3 c4 7.Bc2 g6 8.b3 d5 9.exd6 Qxd6
10.O-O Bg7 11.Na3 cxb3 12.axb3 O-O 13.d4 Bg4 14.h3 Bxf3 15.Qxf3 e5 16.Nb5 Qd7
17.Ba3 Rfd8 18.dxe5 Nxe5 19.Qe2 a6 20.Nd6 Qc7 21.Rad1 Qxc3 22.Nxb7 Rxd1 23.Rxd1 Nc6
24.Nd8 Qe5 25.Qxe5 Nxe5 26.Be4 Rc8 27.f4 Ned7 28.Nc6 Bf8 29.Bxf8 Kxf8 30.Bf3 Nf6
31.Kf2 Nbd5 32.Rxd5 Rxc6 33.Rd4 Rb6 34.b4 Ke7 35.g4 h6 36.Ke3 Rb5 37.Bc6 Rb6
38.Bf3 Rb5 39.Bc6 Rb6  1/2-1/2

[Event "Haifa"]
[Site "Haifa"]
[Date "1995.??.??"]
[Round "2"]
[White "Yudasin, Leonid"]
[Black "Milov, Vadim"]
[Result "1-0"]
[WhiteElo "2615"]
[BlackElo "2580"]

1.e4 c5 2.Nf3 Nc6 3.Bb5 e6 4.O-O Nge7 5.Nc3 Ng6 6.d4 cxd4 7.Nxd4 Be7 8.Be3 Qc7
9.Kh1 a6 10.Bd3 b5 11.Nxc6 Qxc6 12.f4 Bb7 13.f5 Ne5 14.Qh5 Bf6 15.Bg5 g6
16.Qh4 Bxg5 17.Qxg5 gxf5 18.exf5 h6 19.Qg3 O-O-O 20.Ne4 Qc7 21.Nf6 h5 22.Rae1 Nxd3
23.Qxd3 h4 24.h3 Rh6 25.Ne4 exf5 26.Rxf5 Re6 27.Re2 Kb8 28.Nc5 Rd6 29.Qe3 Ba8
30.Qf4 Rg8 31.Rf6 Rg6 32.Rxd6 Rxd6 33.Re8+ Ka7 34.Nd3 Bb7 35.Re2 Qb6 36.Qxh4 Rh6
37.Qg3 f5 38.Nf4 Be4 39.Rd2 Qc7 40.Qe3+ Kb7 41.Nd3 Rc6 42.c3 d5 43.Nf4 Rd6
44.Rd4 Qc6 45.Kh2 Rd7 46.Qd2 Rg7 47.g3 Rd7 48.Nd3 Re7 49.a3 Bf3 50.Nf4 Qe8
51.Qf2 Be4 52.Rd2 Qc6 53.Qd4 Rc7 54.h4 Qh6 55.Qe5 Qc6 56.Rd4 Rd7 57.Qe8 Qd6
58.Qe6 Qxe6 59.Nxe6 Kc6 60.Kg1 Kd6 61.Nf4 Rb7 62.Kf2 Ke5 63.Nd3+ Kd6 64.Ne1 Rb8
65.Nf3 a5 66.Ke3 Rg8 67.Ng5 Ke5 68.Rd2 Rg7 69.Rd1 Rg8 70.Rd4 Rg7 71.a4 Rb7
72.axb5 Rxb5 73.Rd2 Rb3 74.h5 a4 75.h6 Kf6 76.Kf4 a3 77.h7 Kg7 78.Rh2 Rb8
79.bxa3  1-0

[Event "Haifa"]
[Site "Haifa"]
[Date "1995.??.??"]
[Round "9"]
[White "Yudasin, Leonid"]
[Black "Svidler, Peter"]
[Result "1/2-1/2"]
[WhiteElo "2615"]
[BlackElo "2585"]

1.e4 d6 2.d4 Nf6 3.Nc3 g6 4.Be3 c6 5.f3 Qb6 6.Qc1 Bg7 7.Nge2 h5 8.Nf4 Qc7
9.Qd2 Nbd7 10.O-O-O b5 11.Kb1 Bb7 12.Qf2 b4 13.Nce2 c5 14.dxc5 dxc5 15.Qg3 O-O-O
16.Nc1 Bh6 17.Nd5 Nxd5 18.Bxh6 Qxg3 19.hxg3 Rxh6 20.exd5 Nb6 21.Re1 Kd7 22.Bb5+ Kd6
23.Bc6 Ba6 24.Nb3 e6 25.dxe6 Kxc6 26.exf7 Bc8 27.Re5 Na4 28.Rhe1 Rhh8 29.Rg5 Rhf8
30.Rxg6+ Kc7 31.Re7+ Rd7 32.Rxd7+ Bxd7 33.Rf6 Kd8 34.Kc1 Ke7 35.Rh6 Rxf7
36.Rxh5 Rf5 37.Rh7+ Kd6 38.Nd2 Kc6 39.Rh6+ Kc7 40.Nc4 Rd5 41.g4 Bb5 42.Rh7+ Kc6
43.Rh6+ Kc7 44.Rh7+ Rd7 45.Rxd7+ Kxd7 46.Ne3 Nb6 47.b3 Ke6 48.Kd2 Nd5 49.Nf5 Ke5
50.g3 Nc3 51.f4+ Ke6 52.a4 Bc6 53.Kd3 Bf3 54.Kc4 Ne4 55.Kb5 Kd5 56.Ka6 Nd6
57.Kxa7 Be4 58.Kb6 Nxf5 59.gxf5 Bxf5 60.a5 Kd4 61.a6 Bxc2 62.a7 Be4 63.f5 c4
64.f6 cxb3 65.f7 b2 66.f8=Q b1=Q 67.a8=Q Bxa8 68.Qxa8 Qe4 69.Qa1+ Kc4 70.Qa2+ Kc3
71.Qa1+ Kb3 72.Qd1+ Qc2 73.Qd5+ Qc4 74.Qd1+ Kb2 75.Qd2+ Ka3 76.Qd6 Kb2 77.Qd2+ Kb3
78.g4 Qe6+ 79.Ka5 Qe5+ 80.Kb6 Kc4 81.Qc1+ Kd5 82.Qc5+ Ke6  1/2-1/2

[Event "Haifa"]
[Site "Haifa"]
[Date "1995.??.??"]
[Round "10"]
[White "Alterman, Boris"]
[Black "Yudasin, Leonid"]
[Result "1/2-1/2"]
[WhiteElo "2575"]
[BlackElo "2615"]

1.d4 Nf6 2.c4 e6 3.Nf3 b6 4.g3 Ba6 5.b3 d5 6.Bg2 Bb4+ 7.Bd2 Bxd2+ 8.Nbxd2 O-O
9.O-O Nbd7 10.Rc1 c5 11.cxd5 exd5 12.Re1 Re8 13.e3 Rc8 14.Bh3 Rc7 15.Bf1  1/2-1/2

[Event "Haifa"]
[Site "Haifa"]
[Date "1995.??.??"]
[Round "11"]
[White "Yudasin, Leonid"]
[Black "Akopian, Vladimir"]
[Result "1/2-1/2"]
[WhiteElo "2615"]
[BlackElo "2655"]

1.d4 d5 2.c4 c6 3.Nf3 Nf6 4.Qc2 dxc4 5.Qxc4 Bf5 6.g3 e6 7.Bg2 Nbd7 8.Nc3 Be7
9.O-O O-O 10.e3 Ne4 11.Qe2 Nxc3 12.bxc3 Be4 13.c4 c5 14.Bb2 Qc7 15.Rac1  1/2-1/2

[Event "ISR-NLD m rapid"]
[Site "Internet"]
[Date "1995.??.??"]
[Round "1"]
[White "Piket, Jeroen"]
[Black "Yudasin, Leonid"]
[Result "1/2-1/2"]
[WhiteElo "2670"]
[BlackElo "2615"]

1.d4 Nf6 2.c4 e6 3.Nf3 b6 4.a3 Bb7 5.Nc3 d5 6.Qc2 Be7 7.cxd5 exd5 8.g3 O-O
9.Bg2 c5 10.O-O Nbd7 11.Bf4 Ne4 12.Rfd1 Nxc3 13.Qxc3 Nf6 14.dxc5 bxc5 15.Qc2 Qb6
16.Ne5 Rfd8 17.Rac1 h6 18.h4 a5 19.a4 Qe6 20.Nc4 Rd7 21.Ne5 Rdd8 22.Nc4 Rd7
23.Ne5 Rdd8 24.Nc4 Rd7  1/2-1/2

[Event "Kemerovo1"]
[Site "Kemerovo"]
[Date "1995.??.??"]
[Round "1"]
[White "Yudasin, Leonid"]
[Black "Nielsen, Peter Heine"]
[Result "0-1"]
[WhiteElo "2630"]
[BlackElo "2500"]

1.e4 e5 2.Nf3 Nc6 3.Nc3 Nf6 4.Bb5 Nd4 5.Ba4 Bc5 6.Nxe5 O-O 7.Nd3 Bb6 8.e5 Ne8
9.Nd5 d6 10.Ne3 c5 11.c3 Nf5 12.exd6 Qxd6 13.Bc2 Nf6 14.O-O Bc7 15.g3 Qc6
16.Nxf5 Bxf5 17.Nb4 Qd7 18.Bxf5 Qxf5 19.Nc2 Rad8 20.d4 Rfe8 21.b4 cxb4 22.Nxb4 Ne4
23.Bd2 h5 24.f3 Nxd2 25.Qxd2 h4 26.g4 Bf4 27.Qb2 Qg6 28.Rae1 Rxe1 29.Rxe1 a5
30.Re4 axb4 31.Rxf4 Qd3 32.Rf5 Re8 33.Re5 Rxe5 34.dxe5 bxc3 35.Qb3 Qxf3 36.e6 Qxg4+
37.Kf1 Qf5+ 38.Kg2 Qxe6 39.Qxc3 Qxa2+ 40.Kh3 Qe6+ 41.Kxh4 Qf6+  0-1

[Event "Kemerovo1"]
[Site "Kemerovo"]
[Date "1995.??.??"]
[Round "3"]
[White "Yudasin, Leonid"]
[Black "Ruban, Vadim"]
[Result "1/2-1/2"]
[WhiteElo "2630"]
[BlackElo "2535"]

1.e4 c5 2.Nf3 d6 3.d4 cxd4 4.Nxd4 Nf6 5.Nc3 Nc6 6.Bg5 e6 7.Qd2 a6 8.O-O-O h6
9.Be3 Be7 10.f4 Nxd4 11.Bxd4 b5 12.Bd3 Bb7 13.Kb1 O-O 14.Rhe1 b4 15.Na4 Bc6
16.Nb6 Rb8 17.Nc4 Nxe4 18.Bxe4 Bxe4 19.Rxe4 d5 20.Ree1 dxc4 21.Qe2 Qc8 22.Qg4 e5
23.Qxc8  1/2-1/2

[Event "Kemerovo1"]
[Site "Kemerovo"]
[Date "1995.??.??"]
[Round "7"]
[White "Nenashev, Alexander"]
[Black "Yudasin, Leonid"]
[Result "0-1"]
[WhiteElo "2585"]
[BlackElo "2630"]

1.d4 Nf6 2.c4 e6 3.Nc3 Bb4 4.e3 c5 5.Ne2 cxd4 6.exd4 d5 7.c5 Ne4 8.Bd2 Nxd2
9.Qxd2 a5 10.a3 Bxc3 11.Nxc3 a4 12.Bd3 Bd7 13.O-O Nc6 14.Bc2 Ne7 15.Rfe1 b6
16.Qg5 O-O 17.cxb6 Ng6 18.Qxd8 Rfxd8 19.b4 axb3 20.Bxg6 hxg6 21.Reb1 Rdb8
22.Rxb3 Ra6 23.Rab1 Kf8 24.h4 Ke7 25.Kf1 Kd6 26.Ke2 f6 27.Ke3 Bc6 28.R1b2 Kd7
29.Ne2 Ba4 30.Rc3 Raxb6 31.Rxb6 Rxb6 32.Nf4 Rb1 33.Nd3 Kd6 34.Nc5 Bc6 35.f4 Ra1
36.Kf3 e5 37.fxe5+ fxe5 38.dxe5+ Kxe5 39.Nb3 Rxa3 40.Rxc6 Rxb3+ 41.Kg4 Rb4+
42.Kg3 Kf5 43.Rd6 Rd4 44.Rd7 g5 45.h5 Rd3+ 46.Kf2 Kg4 47.Ke2 Rd4 48.Rxg7 Kxh5
49.Kf3 Rf4+ 50.Kg3 d4 51.Rh7+ Kg6 52.Rd7 Kf5 53.Rd5+ Ke4 54.Rxg5 d3 55.Rg8 Rf1
56.Re8+ Kd4 57.Rd8+ Kc3 58.Rc8+ Kb3 59.Rd8 Kc2 60.Kh4 d2 61.g4 d1=Q 62.Rxd1 Rxd1
63.g5 Kd3 64.g6 Rg1  0-1

[Event "Kemerovo1"]
[Site "Kemerovo"]
[Date "1995.??.??"]
[Round "9"]
[White "Kharlov, Andrei"]
[Black "Yudasin, Leonid"]
[Result "1/2-1/2"]
[WhiteElo "2555"]
[BlackElo "2630"]

1.e4 c5 2.c3 Nf6 3.e5 Nd5 4.d4 cxd4 5.Nf3 d6 6.Bc4 Nb6 7.Bb3 dxe5 8.Nxe5 e6
9.O-O Nc6 10.Nxc6 bxc6 11.cxd4 Be7 12.Nc3 O-O 13.Bf4 Ba6 14.Re1 c5 15.dxc5 Qxd1
16.Rexd1 Bxc5 17.Ne4 Be7 18.Rac1 Rfc8 19.f3 Kf8 20.Bc7 Bc4 21.Bxc4 Rxc7 22.Bb3 Rac8
23.Rxc7 Rxc7 24.Kf1 a5 25.Nc3 Bf6 26.Rd6 Nc4 27.Bxc4 Rxc4 28.Rd3 Bxc3 29.bxc3 Ke7
30.Ke2 h5 31.Kd1 Ra4 32.Rd2 Ra3 33.Rc2 Kd6 34.Kc1 Ra4 35.Kb2 Rf4 36.Rd2+ Kc5
37.Re2 Kd5 38.Rd2+ Kc4 39.Rd7 g5 40.h3 f6 41.Ra7 g4 42.hxg4 hxg4 43.Rxa5 Kd3
44.fxg4 Rxg4  1/2-1/2

[Event "Pamplona op"]
[Site "Pamplona"]
[Date "1995.??.??"]
[Round "?"]
[White "Kortschnoj, Viktor"]
[Black "Yudasin, Leonid"]
[Result "1/2-1/2"]
[WhiteElo "2615"]
[BlackElo "2625"]

1.d4 Nf6 2.c4 e6 3.g3 d5 4.Bg2 Bb4+ 5.Bd2 Be7 6.Nf3 O-O 7.O-O Nbd7 8.Qc2 c6
9.b3 b6 10.Rd1 Bb7 11.Nc3 Rc8 12.e4 c5 13.exd5 exd5 14.Bf4 Re8 15.dxc5 dxc4
16.b4 bxc5 17.b5 Qa5 18.a4 h6 19.Rab1 g5 20.Nxg5 Bxg2 21.Nxf7 Kxf7 22.Kxg2 Nf8
23.Nd5 Nxd5 24.Rxd5 Qb6 25.Qxc4 Kg7 26.Rb3 Ng6 27.Rd7 Rcd8 28.a5 Qf6 29.Rxa7 Rd4
30.Qc1 Nxf4+ 31.gxf4 Rxf4 32.Qb2 c4 33.Rg3+ Kf7 34.Qc2 Qf5 35.Qxf5+ Rxf5
36.b6 Kf6 37.a6 Bc5 38.Rh7 Rxf2+ 39.Kh3 Bxb6 40.Rxh6+ Kf5 41.Rh5+ Ke4 42.Rh4+ Kf5
43.Rh5+ Ke4 44.Rh4+ Rf4 45.Rxf4+ Kxf4 46.Rg4+ Kf3 47.Rxc4 Bf2 48.Rc3+ Be3
49.Rc4 Re6 50.Ra4 Rh6+ 51.Rh4 Rxa6 52.Ra4 Rd6 53.Rb4 Rd2 54.Rb3 Ra2 55.Rc3 Ra8
56.Rc4 Bd2 57.Ra4 Rf8 58.Rh4 Rb8 59.Rc4 Rb3 60.Ra4 Bf4 61.Ra2 Rc3 62.Rb2 Ra3
63.Rc2 Rd3 64.Rb2 Be5 65.Ra2 Bd6 66.Rb2 Ra3 67.Rb1 Ra2 68.Rf1+ Ke4 69.Kg4 Rg2+
70.Kh5 Bxh2 71.Rf6 Bf4 72.Rg6 Ra2 73.Kg4 Ra3 74.Re6+ Be5 75.Rg6 Rb3 76.Rg5 Bf4
77.Rg6 Ke5 78.Kh5 Kf5 79.Rg5+ Ke4 80.Rg6 Kf3 81.Ra6  1/2-1/2

[Event "Botvinnik mem"]
[Site "St Petersburg"]
[Date "1995.??.??"]
[Round "?"]
[White "Yudasin, Leonid"]
[Black "Khalifman, Alexander"]
[Result "1/2-1/2"]
[WhiteElo "2630"]
[BlackElo "2655"]

1.e4 e5 2.Nf3 Nc6 3.Bb5 a6 4.Ba4 Nf6 5.Qe2 Bc5 6.Bxc6 bxc6 7.Nxe5 O-O 8.c3 d6
9.d4 Bb6 10.Nxc6 Qd7 11.Nb4 a5 12.Nd3 Nxe4 13.O-O Re8 14.Be3 Ba6 15.Na3 Qf5
16.Rad1 c5 17.Qc2 cxd4 18.cxd4 Rac8 19.Qb1 Nf6 20.Rfe1 Nd5 21.Nf4  1/2-1/2

[Event "Botvinnik mem"]
[Site "St Petersburg"]
[Date "1995.??.??"]
[Round "?"]
[White "Epishin, Vladimir"]
[Black "Yudasin, Leonid"]
[Result "1/2-1/2"]
[WhiteElo "2640"]
[BlackElo "2630"]

1.d4 Nf6 2.c4 e6 3.Nf3 b6 4.g3 Ba6 5.b3 d5 6.cxd5 exd5 7.Bg2 Bd6 8.O-O O-O
9.Nc3 Nbd7 10.Bf4 Qe7 11.Rc1 Rfe8 12.Bxd6 Qxd6 13.Rc2 c6 14.Qa1 Rad8 15.Rfc1 Bb7
16.Qb2 a5 17.e3 Ne4 18.Nxe4 dxe4 19.Nd2 c5 20.Nc4 Qb8 21.Rd1 Qc7 22.Rcd2 b5
23.Na3 b4 24.Nc4 Ba6 25.Bf1 h6 26.dxc5 Bxc4 27.Bxc4 Nxc5 28.Rd5 Nd3 29.Qd4 Rxd5
30.Qxd5 Nb2 31.Rd4 g6 32.Bf1 Qc2 33.Qb5 Rc8 34.Qb7 Nd3 35.Bxd3 exd3 36.Rxd3 Rf8
37.Rd6 Qxa2 38.Qd5 Kg7 39.Kg2 a4 40.Qd4+ Kg8 41.Qc4 Kg7 42.Qd4+ Kg8 43.bxa4 Qxa4
44.Rb6 Qa8+ 45.e4 Re8 46.Rxb4 Qc6 47.h4 h5 48.Qd5 Qf6 49.Rb7 Qe6 50.Rb4 Qf6
51.Rc4 Rd8 52.Qg5 Qd6 53.g4 hxg4 54.h5 g3 55.hxg6 gxf2 56.gxf7+ Kxf7 57.Qf5+ Kg7
58.Qg4+ Qg6 59.Rc7+  1/2-1/2

[Event "Beersheba"]
[Site "Beersheba"]
[Date "1996.??.??"]
[Round "1"]
[White "Greenfeld, Alon"]
[Black "Yudasin, Leonid"]
[Result "1-0"]
[WhiteElo "2560"]
[BlackElo "2635"]

1.Nf3 c5 2.c4 g6 3.d4 cxd4 4.Nxd4 Bg7 5.e4 Nc6 6.Be3 Nf6 7.Nc3 d6 8.Be2 O-O
9.O-O Bd7 10.Qd2 Nxd4 11.Bxd4 Bc6 12.f3 Nd7 13.Be3 a5 14.b3 Nc5 15.Rab1 Qb6
16.Rfc1 Qb4 17.Qb2 Qb6 18.Qd2 Qb4 19.Rc2 f5 20.exf5 gxf5 21.Qc1 f4 22.Bf2 Qb6
23.Nd5 Bxd5 24.cxd5 Qd8 25.b4 axb4 26.Rxb4 Be5 27.Bxc5 dxc5 28.Rxb7 Qd6 29.Bc4 Kh8
30.Qe1 Rf5 31.Qh4 Bf6 32.Qh3 Qe5 33.Rb1 Rh5 34.Qe6 Qg5 35.Re2 Qh6 36.h3 Rg5
37.Kh1 Rg3 38.Rd1 Qg5 39.d6 exd6 40.Rxd6 Rf8 41.Rc6 Bd4 42.Rc8 Qg7 43.Qf5  1-0

[Event "Beersheba"]
[Site "Beersheba"]
[Date "1996.??.??"]
[Round "3"]
[White "Finkel, Alexander"]
[Black "Yudasin, Leonid"]
[Result "1/2-1/2"]
[WhiteElo "2500"]
[BlackElo "2635"]

1.e4 e6 2.d4 d5 3.exd5 exd5 4.Nf3 Bd6 5.c4 dxc4 6.Bxc4 Nf6 7.O-O O-O 8.Nc3 Nbd7
9.h3 c6 10.Bb3 h6 11.Qc2 Kh8 12.Re1 Nb6 13.Ne5 Nbd5 14.Nxd5 Nxd5 15.Qd3 Kg8
16.Bc2 f5 17.Bb3 Bb4 18.Bd2 Bxd2 19.Qxd2 Rf6 20.Nd3 Kh7 21.Nf4 Nxf4 22.Qxf4 Bd7
23.Re5 Qc7 24.Rae1  1/2-1/2

[Event "Beersheba"]
[Site "Beersheba"]
[Date "1996.??.??"]
[Round "4"]
[White "Yudasin, Leonid"]
[Black "Mikhalevski, Victor"]
[Result "1-0"]
[WhiteElo "2635"]
[BlackElo "2495"]

1.e4 e5 2.Nf3 Nc6 3.Nc3 Nf6 4.Bb5 Nd4 5.Ba4 Bc5 6.Nxe5 O-O 7.Nd3 Bb6 8.e5 Ne8
9.Nd5 d6 10.Ne3 dxe5 11.Nxe5 Qg5 12.N5c4 f5 13.f4 Qxf4 14.c3 Ne6 15.d4 Qh4+
16.g3 Qh3 17.Bb3 Kh8 18.Nxb6 axb6 19.Bd5 Nd6 20.Bg2 Qh6 21.Nc4 Qf6 22.Nxd6 cxd6
23.O-O b5 24.Be3 Nc7 25.d5 Bd7 26.Qd2 Ne8 27.Bd4 Qg6 28.Qf4 Kg8 29.a3 Qg4
30.Qe3 Rf7 31.Bf3 Qg6 32.Qf4 Ra6 33.Rae1 Nf6 34.Re2 Ne4 35.Qh4 Ra8 36.Bh5  1-0